OECD pensions outlook 2016

Salvato in:
Dettagli Bibliografici
Natura: Libro
Lingua:inglese
Pubblicazione: Paris OECD 2016
Soggetti:
Tags: Aggiungi Tag
Nessun Tag, puoi essere il primo ad aggiungerne!!

MARC

LEADER 00000nam a2200000 4500
001 0234175
005 20221107101114.8
020 |a 978-92-64-26519-6 
022 |a 2313-7630 
041 0 |a eng 
044 |a FR 
245 1 0 |a OECD pensions outlook 2016 
264 1 |a Paris  |b OECD  |c 2016 
300 |a 181 s. 
610 2 0 |a penzie 
610 2 0 |a dôchodcovia 
610 2 0 |a starnutie populácie 
610 2 0 |a reformy dôchodkové 
610 2 0 |a výdavky verejné 
610 2 0 |a dôchodky starobné 
610 2 0 |a politika dôchodková 
610 2 0 |a systémy dôchodkové 
610 2 0 |a údaje štatistické 
610 2 0 |a porovnanie štatistické medzinárodné